Summoners War - Monstres 4★ - Statistiques

Statistiques générales
  • Ce quiz a été pris 13 fois
  • Le résultat moyen est 83 sur 265
Statistiques - réponses
Hint Réponse % Correct
★★★★ Onimusha Kaki
86%
★★★★ Joker Lushen
86%
★★★★ Rakshasa Su
86%
★★★★ Vampire Verdehile
86%
★★★★ Liche Antares
71%
★★★★ Chevalier magique Astar
71%
★★★★ Sylphe Baretta
71%
★★★★ Prêtre Epikion Chloé
71%
★★★★ Street Fighter V CHUN-LI
71%
★★★★ Capitaine pirate Frégate
71%
★★★★ Capitaine pirate Galion
71%
★★★★ Voleur fantôme Guillaume
71%
★★★★ Onimusha Kinki
71%
★★★★ Chevalier magique Lapis
71%
★★★★ Danseuse aux lames Leah
71%
★★★★ Maître des dés Ludo
71%
★★★★ Chevalier magique Lupinus
71%
★★★★ Dryade Mélia
71%
★★★★ Forgeronne Susan
71%
★★★★ Ninja Susano
71%
★★★★ Sylphe Tyron
71%
★★★★ Kung-fu girl Xiao Lin
71%
★★★★ Sylphide Acasis
57%
★★★★ Vampire Argen
57%
★★★★ Succube Aria
57%
★★★★ Chevalier de la mort Borsalino
57%
★★★★ Danseur du ciel Chasun
57%
★★★★ Pierrette Clara
57%
★★★★ Chevalier de la mort Dias
57%
★★★★ Agent néostone Emma
57%
★★★★(★) Assassin's Creed Ezio
57%
★★★★ Ninja Garo
57%
★★★★ Roi barbare Hraesvelg
57%
★★★★ Rakshasa Hwa
57%
★★★★ Danseur du ciel Hwahee
57%
★★★★ Chevalier magique Iris
57%
★★★★ Voleur fantôme Jean
57%
★★★★ Joker Jojo
57%
★★★★ Pierrette Julie
57%
★★★★ Samouraï Jun
57%
★★★★ Samouraï Kaz
57%
★★★★ Chevalier magique Lanett
57%
★★★★ Joker Liebli
57%
★★★★ Kung-fu girl Ling Ling
57%
★★★★ Ninja Orochi
57%
★★★★ Rakshasa Ran
57%
★★★★ Citrouille de Halloween Refroidissement
57%
★★★★ Guerrière au Boomerang Sabrina
57%
★★★★ Danseuse aux chakrams Shaina
57%
★★★★ Sylphe Shimitae
57%
★★★★ Joker Sian
57%
★★★★ Kitsuné Soha
57%
★★★★ Assassin Stella
57%
★★★★ Onimusha Suiki
57%
★★★★ Combattant néostone Trevor
57%
★★★★ Joueuse de harpe Triana
57%
★★★★ Citrouille de Halloween Venteux
57%
★★★★ Rakshasa Yen
57%
★★★★ Horus Amduat
43%
★★★★ Brownie le Magicien Aquila
43%
★★★★ Kitsuné Arang
43%
★★★★ Chevalier de la mort Arnold
43%
★★★★ Sylphe Aschubel
43%
★★★★(★) Assassin's Creed Bayek
43%
★★★★ Kobold Bombeur Bering
43%
★★★★ Sirène Betta
43%
★★★★ Citrouille de Halloween Brumeux
43%
★★★★ Archer magique Chris
43%
★★★★ Sirène Cichlid
43%
★★★★(★) The Witcher Ciri
43%
★★★★ Cookie Run: Kingdom Cookie Espresso
43%
★★★★ Sniper Mk.I Covenant
43%
★★★★ Street Fighter V DHALSIM
43%
★★★★ Brownie le Magicien Draco
43%
★★★★(★) Assassin's Creed Eivor
43%
★★★★ Sylphide Fria
43%
★★★★ Citrouille de Halloween Fumée
43%
★★★★ Onimusha Fuuki
43%
★★★★ Brownie le Magicien Gemini
43%
★★★★ Taoiste Gildong
43%
★★★★ Liche Grego
43%
★★★★ Liche Halphas
43%
★★★★ Taoiste Hwadam
43%
★★★★ Dryade Hyanès
43%
★★★★ Ondine Icasha
43%
★★★★ Agent néostone Illianna
43%
★★★★ Horus Imesety
43%
★★★★ Prêtre Epikion Iona
43%
★★★★ Elfe patrouilleur Isillen
43%
★★★★(★) Assassin's Creed Kassandra
43%
★★★★ Brownie le Magicien Korona
43%
★★★★ Maître des poisons Kyle
43%
★★★★ Assassin Lexy
43%
★★★★ Vampire Liesel
43%
★★★★ Combattant néostone Lucas
43%
★★★★ Voleur fantôme Luer
43%
★★★★ Sylphide Lumirecia
43%
★★★★ Pierrette Luna
43%
★★★★ Guerrière au Boomerang Martina
43%
★★★★ Guerrière au Boomerang Maruna
43%
★★★★ Danseur du ciel Mihyang
43%
★★★★ Ondine Mikene
43%
★★★★ Roi barbare Mimirr
43%
★★★★ Sirène Molly
43%
★★★★ Maître des dés Morris
43%
★★★★ Agent néostone Olivia
43%
★★★★ Brownie le Magicien Orion
43%
★★★★ Citrouille de Halloween Poussiéreux
43%
★★★★ Horus Qebehsenuef
43%
★★★★ Liche Rigel
43%
★★★★ Kitsuné Shihwa
43%
★★★★ Guerrier géant Skogul
43%
★★★★ Maître des dés Tablo
43%
★★★★ Danseuse aux chakrams Talia
43%
★★★★ Assassin Tanya
43%
★★★★ Kobold Bombeur Taurus
43%
★★★★ Sirène Tetra
43%
★★★★(★) The Witcher Triss
43%
★★★★(★) The Witcher Yennefer
43%
★★★★ Kobold Bombeur Zibrolta
43%
★★★★ Cannon Girl Abigail
29%
★★★★ Roi barbare Aegir
29%
★★★★ Succube Akia
29%
★★★★ Anubis Amarna
29%
★★★★ Capitaine pirate Barque
29%
★★★★ Danseuse aux chakrams Belita
29%
★★★★ Archer magique Bethany
29%
★★★★ Hypnomiaou Bombay
29%
★★★★ Chevalier de la mort Briand
29%
★★★★ Capitaine pirate Brick
29%
★★★★ Sniper Mk.I Carabine
29%
★★★★ Sniper Mk.I Carcano
29%
★★★★ Chevalier de la mort Conrad
29%
★★★★ Cookie Run: Kingdom Cookie Madeleine
29%
★★★★ Forgeronne Deborah
29%
★★★★ Ondine Delphoi
29%
★★★★ Harg Dova
29%
★★★★ Kobold Bombeur Dover
29%
★★★★ Cyborg Eliza
29%
★★★★ Sylphe Eredas
29%
★★★★ Kung-fu girl Fei
29%
★★★★ Guerrière au Boomerang Férélia
29%
★★★★ Joker Figaro
29%
★★★★ Joueuse de harpe Harmonia
29%
★★★★ Dame Thé noir Hibiscus
29%
★★★★ Sylphide Icares
29%
★★★★ Assassin Isabelle
29%
★★★★ Anubis Iunu
29%
★★★★ Succube Izaria
29%
★★★★ Ninja Jin
29%
★★★★ Voleur fantôme Julien
29%
★★★★ Samouraï Kaito
29%
★★★★ Combattant néostone Karl
29%
★★★★ Anubis Khmun
29%
★★★★ Dame Thé noir Lavande
29%
★★★★ Sniper Mk.I Magnum
29%
★★★★ Kobold Bombeur Malaka
29%
★★★★ Sylphide Mihael
29%
★★★★ Maître des dés Monte
29%
★★★★ Assassin Natalie
29%
★★★★ Rakshasa Pang
29%
★★★★ Sirène Platy
29%
★★★★ Harg Raviti
29%
★★★★ Combattant néostone Ryan
29%
★★★★ Samouraï Sige
29%
★★★★ Joueuse de harpe Sonnet
29%
★★★★ Roi barbare Surtr
29%
★★★★ Guerrier géant Trasar
29%
★★★★ Danseuse aux lames Vereesa
29%
★★★★ Asura Vritra
29%
★★★★ Taoiste Woochi
29%
★★★★ Virtuose à la cithare Yeonhwa
29%
★★★★ Guerrière au Boomerang Zenobia
29%
★★★★ Ondine Atenai
14%
★★★★ Anubis Avaris
14%
★★★★ Danseuse aux chakrams Bailey
14%
★★★★ Capitaine pirate Caraque
14%
★★★★ Forgeronne Céline
14%
★★★★ Kitsuné Chamie
14%
★★★★ Dryade Deva
14%
★★★★ Sniper Mk.I Dragunov
14%
★★★★ Horus Duamutef
14%
★★★★ Liche Fuco
14%
★★★★ Kung-fu girl Hong Hua
14%
★★★★ Succube Isael
14%
★★★★ Dame Thé noir Jasmin
14%
★★★★ Kitsuné Kamiya
14%
★★★★ Agent néostone Lisa
14%
★★★★ Kung-fu girl Liu Mei
14%
★★★★ Combattant néostone Logan
14%
★★★★ Voleur fantôme Louis
14%
★★★★ Danseuse aux chakrams Mélissa
14%
★★★★ Princesse Dokkaebi et Sapsali Minji et Sapsali
14%
★★★★ Chevalier Choco Pavé
14%
★★★★ Maître des dés Reno
14%
★★★★ Succube Selena
14%
★★★★ Pierrette Sophia
14%
★★★★ Ondine Tilasha
14%
★★★★ Samouraï Tosi
14%
★★★★ Chevalier Choco Truffe
14%
★★★★ Princesse Dokkaebi et Sapsali Yuna et Sapsali
14%
★★★★ Guerrier du désert Ahmed
0%
★★★★ Cyborg Alessia
0%
★★★★ Enchanteuse de l'Ordre mage Arcana
0%
★★★★ Reine des mercenaires Astrid
0%
★★★★ Gladiatrice Aurelia
0%
★★★★ Danseuse aux lames Berenice
0%
★★★★ Hypnomiaou Birman
0%
★★★★ Dame Thé noir Camomille
0%
★★★★ Cyborg Carmella
0%
★★★★ Maître des poisons Cayde
0%
★★★★ Danseuse aux lames Cordelia
0%
★★★★ Princesse Dokkaebi et Sapsali Dami et Sapsali
0%
★★★★ Asura Danu
0%
★★★★ Virtuose à la cithare Dongbaek
0%
★★★★ Guerrier géant Einheri
0%
★★★★ Cannon Girl Emily
0%
★★★★ Princesse Dokkaebi et Sapsali Eunbi et Sapsali
0%
★★★★ Pierrette Eva
0%
★★★★ Commandeur d'acier Evan
0%
★★★★ Épéiste de l'Ordre mage Fiona
0%
★★★★ Chevalier Choco Fudge
0%
★★★★ Chevalier Choco Ganache
0%
★★★★ Commandeur d'acier Hector
0%
★★★★ Maître des poisons Hekerson
0%
★★★★ Dryade Herné
0%
★★★★ Enchanteuse de l'Ordre mage Hexarina
0%
★★★★ Virtuose à la cithare Hongyeon
0%
★★★★ Roi barbare Hrungir
0%
★★★★ Maître des poisons Jarrett
0%
★★★★ Gladiatrice Kalantatze
0%
★★★★ Gargouille Kunite
0%
★★★★ Danseuse aux lames Lariel
0%
★★★★ Cyborg Lorenza
0%
★★★★ Élémentaliste de l'Ordre mage Lumina
0%
★★★★ Forgeronne Madeleine
0%
★★★★ Gargouille Malite
0%
★★★★ Hypnomiaou Manx
0%
★★★★ Asura Mayasura
0%
★★★★ Forgeronne Miriam
0%
★★★★ Virtuose à la cithare Mirinae
0%
★★★★ Hypnomiaou Nebelung
0%
★★★★ Dryade Nisha
0%
★★★★ Élémentaliste de l'Ordre mage Nobella
0%
★★★★ Guerrier du désert Omar
0%
★★★★ Gargouille Onyx
0%
★★★★ Gargouille Phenaka
0%
★★★★ Chevalier Choco Pralin
0%
★★★★ Épéiste de l'Ordre mage Reyka
0%
★★★★ Cyborg Roberta
0%
★★★★ ROBO ROBO-E65
0%
★★★★ ROBO ROBO-F29
0%
★★★★ ROBO ROBO-G92
0%
★★★★ ROBO ROBO-P27
0%
★★★★ ROBO ROBO-R40
0%
★★★★ Dame Thé noir Romarin
0%
★★★★ Cannon Girl Scarlett
0%
★★★★ Hypnomiaou Siamois
0%
★★★★ Reine des mercenaires Solveig
0%
★★★★ Virtuose à la cithare Songseol
0%
★★★★ Gargouille Tanzaite
0%
★★★★ Maître des poisons Todd
0%
★★★★ Asura Usha
0%
★★★★ Asura Varuna
0%
★★★★ Princesse Dokkaebi et Sapsali Yeji et Sapsali
0%
Aucun quiz correspondant
Distribution des résultats
% des personnes avec chaque résultat
Percentile par nombre de réponses
Votre historique - résultats
Vous n’avez pas pris ce quiz